Mawsūʻat al-qawānīn al-ʻUmānīyah /
Saved in:
| Corporate Author: | |
|---|---|
| Other Authors: | |
| Format: | Book |
| Language: | Arabic |
| Published: |
[Muscat? :
s.n.],
2006-<2008>
|
| Edition: | al-Ṭabʻah 1. |
| Subjects: | |
| Tags: |
Add Tag
No Tags, Be the first to tag this record!
|
| LEADER | 01206cam a22003014a 4500 | ||
|---|---|---|---|
| 001 | 011982975-4 | ||
| 005 | 20101021144240.0 | ||
| 008 | 070509m20069999mk be 000 0 ara | ||
| 010 | |a 2007331915 | ||
| 035 | 0 | |a ocn124540352 | |
| 040 | |a DLC-R |c DLC-R |d DLC | ||
| 042 | |a lcode | ||
| 043 | |a a-mk--- | ||
| 050 | 0 | 0 | |a KMQ2.5 |b .O43 2006 |
| 110 | 1 | |a Oman. | |
| 240 | 1 | 0 | |a Laws, etc. (Mawsūʻat al-qawānīn al-ʻUmānīyah) |
| 245 | 1 | 0 | |6 880-01 |a Mawsūʻat al-qawānīn al-ʻUmānīyah / |c iʻdād ʻAbd Allāh ibn Khamīs ibn Sālim al-Shurayqī. |
| 250 | |6 880-02 |a al-Ṭabʻah 1. | ||
| 260 | |6 880-03 |a [Muscat? : |b s.n.], |c 2006-<2008> |e ([Muscat? : |f Maṭbaʻat al-Alwān al-Ḥadīthah) | ||
| 300 | |a v. <1-4> ; |c 30 cm. | ||
| 504 | |a Includes bibliographical references. | ||
| 650 | 0 | |a Law |z Oman |v Encyclopedias. | |
| 700 | 1 | |a Shurayqī, ʻAbd Allāh ibn Khamīs ibn Sālim. | |
| 880 | 1 | 0 | |6 245-01 |a موسوعة القوانين العمانية / |c إعداد عبد الله بن خميس بن سالم الشريقي. |
| 880 | |6 250-02 |a الطبعة 1. | ||
| 880 | |6 260-03 |a [Muscat? : |b s.n.]، |c 2006-<2008> |e ([Muscat? : |f مطبعة الألوان الحديثة) | ||
| 988 | |a 20090526 | ||
| 906 | |0 OCLC | ||


